| 000 | 00505nam a2200169 i 4500 | ||
|---|---|---|---|
| 001 | 118050 | ||
| 003 | ES-MaACL | ||
| 005 | 20230906191024.0 | ||
| 007 | t| | ||
| 008 | 070214s1945 sp r ||||1| spa d | ||
| 100 | 1 |
_aPereyra, Carlos R. _9166507 |
|
| 245 | 1 | 0 |
_aParafrenias _b: delirio crónico de ideas polimorfas / _cCarlos Pereyra. |
| 260 |
_aBuenos Aires : _bEl Ateneo, _c1945. |
||
| 300 |
_a155 p., 5 lám. : _bil. ; _c22 cm. |
||
| 650 | 0 | 4 |
_aParanoia. _915826 |
| 852 |
_aES-MaACL _jE-1895 _bR.22686 |
||
| 999 |
_c118050 _d118050 |
||